000 00567nam a2200229Ia 4500
003 OSt
005 20220924145536.0
006 a|||||r|||| 00| 0
007 ta
008 TEL
024 _a329274
037 _cTextual
040 _aARTS
_cARTS
_bTEL
041 _2TEL
_aTEL
082 _aNR21xI08:g, 35N5
100 _aGangappa Au.
_9184567
245 0 _aCritical analysis of annamacharya's sankirthanas
260 _c1995
650 _aMUSIC
_917402
942 _hNR21xI08:g, 35N5
_cTEXL
_2CC
999 _c460440
_d460440